Geopolitics of South Asia: from early empires to India, Pakistan and Bangladesh (Record no. 9769)

MARC details
000 -LEADER
fixed length control field 00483nam a2200157Ia 4500
020 ## - INTERNATIONAL STANDARD BOOK NUMBER
ISBN 0754613518
082 ## - DEWEY DECIMAL CLASSIFICATION NUMBER
Classification number 320.120954 CHA-G
100 ## - MAIN ENTRY--AUTHOR NAME
Personal name Chapman, Graham P.
245 #0 - TITLE STATEMENT
Title Geopolitics of South Asia: from early empires to India, Pakistan and Bangladesh
260 ## - PUBLICATION, DISTRIBUTION, ETC. (IMPRINT)
Place of publication Aldershot
Name of publisher Ashgate Publishing
Year of publication 2000
300 ## - PHYSICAL DESCRIPTION
Number of Pages xxi, 338
504 ## - BIBLIOGRAPHY, ETC. NOTE
Bibliography, etc includes appendix, bibliography and index
650 ## - SUBJECT ADDED ENTRY--TOPICAL TERM
Topical Term Asia
Form subdivision Politics and government
650 ## - SUBJECT ADDED ENTRY--TOPICAL TERM
Topical Term Geopolitics
Geographic subdivision Asia
942 ## - ADDED ENTRY ELEMENTS (KOHA)
Koha item type Books
Source of classification or shelving scheme Dewey Decimal Classification
Holdings
Withdrawn status Lost status Damaged status Not for loan Collection code Home library Current library Date acquired Bill Date Full call number Accession Number Price effective from Koha item type
        Docas Books NASSDOC Library NASSDOC Library 05/09/2016 2004-10-22 320.120954 CHA-G D001374 18/04/2019 Books